Clubs de rugby - Petit Bac - Statistiques

Statistiques générales
  • Ce quiz a été pris 77 fois
  • Le résultat moyen est 6 sur 23
Statistiques - réponses
Lettre Club % Correct
S Stade Rochelais / Stade Français Paris / Section Paloise / Stade Toulousain / Sale Sharks / Saracens / Scarlets / (Hollywoodbets) Sharks / (DHL) Stormers / Saitama Wild Knights / Shizuoka BlueRevs / Sagamihara Dynaboars / (Kubota) Spears / Selknam
82%
A Aviron Bayonnais / ASM Clermont
74%
U Union Bordeaux-Bègles / US Montauban / USA Perpignan / Ulster / Urayasu D-Rocks
66%
C Castres Olympique / Cardiff Rugby / Connacht / Chiefs / Crusaders / Cobras Brasil Rugby / Castilla Y Leon Iberians
60%
R Racing 92 / RC Toulon / Romanian Wolves
56%
L LOU Rugby / Leicester Tigers / Lions / Leinster / Lusitanos
50%
M Montpellier HR / Munster / Moana Pasifika / Mie (Honda) Heats
40%
B Bath Rugby / Bristol Bears / Benetton Rugby / (Vodacom) Bulls / Brumbies / Blues / (Toshiba) Brave Lupus Tokyo / BlackRams Tokyo / Brussels Devils / Bohemia Rugby Warriors
34%
H Harlequins / Hurricanes / Highlanders
32%
G Gloucester Rugby / Glasgow Warriors
19%
E Exeter Chiefs / Edinburgh Rugby
18%
N Newcastle Red Bulls / Northampton Saints
16%
W Waratahs / Western Force
13%
O Ospreys
10%
F Fijian Drua
8%
Z Zebre Parma
8%
Q Queensland Reds
5%
D Dragons RFC / Dogos XV / Delta
3%
K (Kobelco) Kobe Steelers
2%
P Pampas / Peñarol Rugby
2%
V (Toyota) Verblitz
2%
T Tokyo Sungoliath / Tacuras
0%
Y Yokohama Canon Eagles / Yacare XV
0%
Aucun quiz correspondant
Distribution des résultats
% des personnes avec chaque résultat
Percentile par nombre de réponses
Votre historique - résultats
Vous n’avez pas pris ce quiz